00505nam a2200145 i 450000100060000000300090000600500170001500700030003200800410003524501400007626000400021630000400025685200310029685200320032725989ES-MaACL20230906153351.0t|030107s1978 sp ||||1| spa d00aArte medieval burgalés y esmaltés de taller de Silos y contemporáneosb: Burgos, septiembre-octubre 1978, Monasterio de San Juan. aBilbao : bBanco de Bilbao, c1978. a79 p., 15 lám. : bil. ; c26 cm. aES-MaACLjL-875 bR.101785 aES-MaACLjL-1337 bR.101707